Central Library OPAC University of Rajshahi

An introduction to linear statistical models / (Record no. 51865)

MARC details
000 -LEADER
fixed length control field 00834nam a2200277 a 4500
001 - CONTROL NUMBER
control field 51865
003 - CONTROL NUMBER IDENTIFIER
rucl marc code BD-RjUL
005 - DATE AND TIME OF LATEST TRANSACTION
control field 20211209075725.0
008 - FIXED-LENGTH DATA ELEMENTS--GENERAL INFORMATION
fixed length control field 160904s1961 enk b 001 0 eng
035 ## - SYSTEM CONTROL NUMBER
System control number (BD-RjUL) 51985
040 ## - CATALOGING SOURCE
Original cataloging agency DLC
Transcribing agency DLC
Modifying agency DLC
-- BD-RjUL
Language of cataloging eng
041 ## - LANGUAGE CODE
Language code of text/sound track or separate title eng
082 00 - DEWEY DECIMAL CLASSIFICATION NUMBER
Classification number 519.57
Edition number 23
Author mark and year GRI 1961
100 10 - MAIN ENTRY--PERSONAL NAME
Personal name Graybill, Franklin A.
9 (RLIN) 155143
245 13 - TITLE STATEMENT
Title An introduction to linear statistical models /
Statement of responsibility, etc. Franklin A. Graybill
260 ## - PUBLICATION, DISTRIBUTION, ETC. (IMPRINT)
Place of publication, distribution, etc. New York :
Name of publisher, distributor, etc. McGraw-Hill,
Date of publication, distribution, etc. c1961
300 ## - PHYSICAL DESCRIPTION
Pagination v. 1
Size 24 cm.
490 0# - SERIES STATEMENT
Series statement McGraw-Hill series in probability and statistics
500 ## - GENERAL NOTE
General note Includes index
505 ## - FORMATTED CONTENTS NOTE
Formatted contents note Vol. 1
650 #0 - SUBJECT ADDED ENTRY--TOPICAL TERM
Topical term or geographic name as entry element Statistics.
9 (RLIN) 155144
Topical term or geographic name as entry element Experimental design.
9 (RLIN) 155145
856 ## - ELECTRONIC LOCATION AND ACCESS
Materials specified McGraw-Hill series in probability and statistics
942 ## - ADDED ENTRY ELEMENTS (KOHA)
Source of classification or shelving scheme Dewey Decimal Classification
Koha item type Books
Holdings
Lost status Source of classification or shelving scheme Damaged status Not for loan Collection code Permanent Location Current Location Shelving location Date acquired Source of acquisition Cost, normal purchase price Total Checkouts Full call number Date last seen Copy number Koha item type
  Dewey Decimal Classification     Non-fiction Central Library, University of Rajshahi Central Library, University of Rajshahi   03/01/1981 Helfers 14.45   519.57 GRI V-1 1961 04/09/2016 C-2 Books
  Dewey Decimal Classification     Non-fiction Central Library, University of Rajshahi Central Library, University of Rajshahi   06/02/1963 Zeetlinger 47.00   519.57 GRI V-1 1961 04/09/2016 C-3 Books
  Dewey Decimal Classification     Non-fiction Central Library, University of Rajshahi Central Library, University of Rajshahi   06/02/1963 Zeetlinger 47.00   519.57 GRI V-1 1961 04/09/2016 C-4 Books
  Dewey Decimal Classification     Non-fiction Central Library, University of Rajshahi Central Library, University of Rajshahi   06/02/1963 Zeetlinger 47.00   519.57 GRI V-1 1961 04/09/2016 C-5 Books
  Dewey Decimal Classification     Non-fiction Central Library, University of Rajshahi Central Library, University of Rajshahi   03/01/1981 Heffers 14.45   519.57 GRI V-1 1961 04/09/2016 C-6 Books
  Dewey Decimal Classification     Non-fiction Central Library, University of Rajshahi Central Library, University of Rajshahi   03/01/1981 Heffers 14.45   519.57 GRI V-1 1961 04/09/2016 C-7 Books
  Dewey Decimal Classification     Non-fiction Central Library, University of Rajshahi Central Library, University of Rajshahi   03/01/1981 Heffers 14.45   519.57 GRI V-1 1961 04/09/2016 C-8 Books
  Dewey Decimal Classification     Non-fiction Central Library, University of Rajshahi Central Library, University of Rajshahi   03/01/1981 Heffers 14.45   519.57 GRI V-1 1961 04/09/2016 C-9 Books
  Dewey Decimal Classification     Non-fiction Central Library, University of Rajshahi Central Library, University of Rajshahi   03/01/1981 Heffers 14.45   519.57 GRI V-1 1961 04/09/2016 C-10 Books
  Dewey Decimal Classification   Not For Loan Non-fiction Central Library, University of Rajshahi Central Library, University of Rajshahi Reading Room 05/04/1973 World brotherhood     519.57 GRI V-1 1961 05/09/2016 C-1 Books